LEADER 01110nam a2200265 i 4500 001 000000177354 003 CaOOAMICUS 005 20090210000000.0 008 090210s1969 it u000 u ita u 013 $a154870 040 $aSeMil$bita 100 1 $aGatti, Gaetano.$0(OLS)http://semarc/name/37045 245 12$aI nostri bambini figli di Dio :$bguida dei genitori per l'iniziazione sacramentale in famiglia /$cGaetano Gatti. 250 $a5. Ed. 260 $aBologna :$bEDB,$c1969. 300 $a175 p. ;$c21 cm. 500 $aFondo Card. Giovanni Colombo. 650 4$aFanciulli - Educazione religiosa.$0(OLS)http://semarc/subject/12287 650 4$aIniziazione cristiana - Guide.$0(OLS)http://semarc/subject/33817 850 $aSeMil 852 $aSeMil$W1$xVenegono$y1$m3K IV 82$j128165$B128165$CSeMilBibl$Z2$F140850 $81 941 1 $a3 961 $aLascito: Colombo Card. Giovanni 996 $6245$aI nostri bambini figli di Dio :$bguida dei genitori per l'iniziazione sacramentale in famiglia$9(OLS)http://semarc/title/254692 996 $6260$aBologna :$bEDB$9(OLS)http://semarc/publisher/29669 LEADER 00727naa a2200145 i 4500 001 000000301420 003 CaOOAMICUS 005 20180831172722.0 008 180831n xx u000 u und u 013 $a9148 040 $aSeMil$bita 100 1 $aBerti, Giorgio <1927-2007>.$0(OLS)http://semarc/name/10845 245 10$aDiscrezionalità dei comuni in materia di pianificazione con rifer no di studio, Milano, Università Cattolica del S. Cuore, 16-17 se. 773 0 $tEnti istituzionalmente competenti del servizio religioso.$dMilano : Giuffrè, 1982.$w()35339 996 $6245$aDiscrezionalità dei comuni in materia di pianificazione con rifer no di studio, Milano, Università Cattolica del S. Cuore, 16-17 se$9(OLS)http://semarc/title/377420